[Event "5th Ordu Open 2019"]
[Site "Ordu"]
[Date "2019.05.02"]
[Round "6.7"]
[White "Hamidi, Amir Mohammad"]
[Black "Klekowski, Maciej"]
[Result "1/2-1/2"]
[WhiteElo "2217"]
[BlackElo "2502"]
[Annotator "RC"]
[PlyCount "40"]
[EventDate "2019.04.29"]
[EventType "swiss"]
[EventCountry "TUR"]
[SourceTitle "playchess.com"]
[Source "ChessBase"]
[SourceQuality "1"]
[TimeControl "5400+30"]

1. d4 {[%emt 0:00:30]} f5 {[%emt 0:00:30]} 2. g3 {[%emt 0:00:30]} Nf6 {[%emt 0:00:30]} 3. Bg2 {[%emt 0:00:30]} g6 {[%emt 0:00:30]} 4. c3 {[%emt 0:00:30]} d6 {[%emt 0:12:30]} 5. Nd2 {[%emt 0:04:30]} Bg7 {[%emt 0:03:30]} 6. e4 {[%emt 0:01:30]} Nc6 {[%emt 0:00:30]} 7. exf5 {[%emt 0:00:30]} gxf5 {[%emt 0:03:30]} 8. d5 {[%emt 0:02:30]} Ne5 {[%emt 0:00:30]} 9. Ndf3 {[%emt 0:00:30]} O-O {[%emt 0:03:30]} 10. Ne2 {[%emt 0:03:30]} c6 {[%emt 0:15:30]} 11. Nf4 {[%emt 0:04:30]} Nxd5 {[%emt 0:13:30]} 12. Nxd5 {[%emt 0:00:30]} cxd5 {[%emt 0:00:30]} 13. Qxd5+ {[%emt 0:00:00]} e6 {[%emt 0:00:30]} 14. Qd1 {[%emt 0:00:00]} Bd7 {[%emt 0:02:30]} 15. Qxd6 {[%emt 0:07:30]} Bc6 {[%emt 0:02:30]} 16. Qxd8 {[%emt 0:06:30]} Raxd8 {[%emt 0:00:00]} 17. Nxe5 {[%emt 0:02:30]} Bxg2 {[%emt 0:00:00]} 18. Rg1 {[%emt 0:00:30]} Bh3 {[%emt 0:13:30]} 19. f4 {[%emt 0:02:30]} Rd5 {[%emt 0:07:29]} 20. Be3 {[%emt 0:01:30]} Bxe5 {[%emt 0:00:34]} 1/2-1/2

[Event "5th Ordu Open 2019"]
[Site "Ordu"]
[Date "2019.05.02"]
[Round "6.8"]
[White "Asgari, Morteza"]
[Black "Mazur, Stefan"]
[Result "1-0"]
[WhiteElo "2249"]
[BlackElo "2447"]
[Annotator "TA"]
[PlyCount "169"]
[EventDate "2019.04.29"]
[EventType "swiss"]
[EventCountry "TUR"]
[SourceTitle "playchess.com"]
[Source "ChessBase"]
[SourceQuality "1"]

{[%evp 22,169,35,20,19,24,7,21,62,50,70,18,23,15,19,19,58,37,85,84,84,77,77,68,70,75,94,93,116,107,110,106,104,110,104,104,104,64,72,76,129,118,124,74,79,29,137,64,135,139,116,113,144,152,244,235,182,95,131,0,0,0,0,0,0,0,0,0,0,0,0,0,70,-67,-77,-178,-29,-16,-36,-15,-20,-110,-8,-8,0,0,0,-20,-10,-168,-22,-142,-33,-64,-4,-68,-52,-150,-8,-157,-172,-193,-18,-313,-310,-277,-200,-261,0,0,0,0,0,0,1112,1042,1023,1015,966,901,29973,29973,29973,29973,29971,29974,29976,29977,29977,29978,29975,12789,29983,29984,29984,29985,29985,29986,29986,29987,29987,29988,29988,29989,29989,29990,29990,29989,29989,29989]} 1. e4 e5 2. Nf3 Nc6 3. Bb5 a6 4. Ba4 Nf6 5. O-O Be7 6. Re1 b5 7. Bb3 d6 8. c3 O-O 9. h3 Na5 10. Bc2 c5 11. d4 Qc7 12. d5 Nd7 {C97: Closed Ruy Lopez: Chigorin Defence: 11 d4 Qc7, sidelines} 13. b3 Nb6 14. Nbd2 Nb7 {The position is equal.} 15. c4 Bd7 16. a4 (16. Qe2 $14) 16... bxa4 17. bxa4 Na5 18. Qe2 Rab8 $146 ({Predecessor:} 18... Rfb8 19. Ra2 Be8 20. Bb2 {0-1 (41) Kraemer,M (2566)-Hort,V (2427) Switzerland 2016}) 19. Ra2 f5 20. exf5 Bxf5 21. Bxf5 Rxf5 22. Bb2 Nd7 23. Bc3 Rf7 24. Ne4 h6 25. Nfd2 Nb3 26. Nxb3 Rxb3 27. Rb2 Rxb2 28. Qxb2 Nf6 29. Nxf6+ (29. Ng3 {keeps more tension.} Nd7 30. Rb1 Bh4 31. Ne4 Rf8 32. Qb7) 29... Bxf6 30. Rb1 Qd7 (30... Rf8 $142) 31. Qc2 $1 $16 Bd8 32. Rb8 Rf8 33. Qg6 Qc7 (33... Bf6 $11 34. Rxf8+ Kxf8) 34. Rb3 (34. Ra8 $16) 34... Bh4 (34... Bf6 $14) 35. g3 Bf6 36. Bd2 Qd7 37. Bxh6 $1 Qxh3 (37... e4 $16 {was worth a try.}) 38. Be3 $1 $18 Qd7 39. a5 (39. Rb6 $18) 39... Bd8 $16 40. Qb1 (40. Bd2 $16) 40... Qg4 $11 41. Rb7 Bxa5 42. Bh6 Rf7 43. Rb8+ Rf8 44. Rxf8+ Kxf8 45. Qb8+ {[%mdl 64] Double Attack} Ke7 46. Be3 Qxc4 (46... Qg6 $11) 47. Qg8 (47. Qb7+ $14 Kf6 48. Qc6) 47... Qg4 $15 48. Bh6 (48. Qa8 $17) 48... Bd8 (48... Qg6 $1 $19 {[%cal Rg6h6]} 49. Bxg7 Kd7) 49. Bxg7 $11 Kd7 50. Qf7+ Kc8 {White should prevent ...a5.} 51. Kg2 (51. Bf8 $1 $11) 51... Qd7 ({Black should play} 51... a5 $17 52. Bh6 Qd7) 52. Qg6 $1 Qb7 53. Qe6+ $1 Qd7 {aiming for ...a5.} 54. Qg6 a5 55. Bf8 $2 (55. f4 $1 $11) 55... Kc7 (55... Bc7 $1 $19 56. Qd3 Kb7 57. Qb1+ Ka6) 56. Qd3 (56. Bh6 $1 $11 {remains equal.}) 56... Qf7 (56... Kb7 $1 $17 57. Bh6 a4) 57. Bh6 $15 a4 (57... Kb6 $15 58. g4 a4) 58. Bd2 (58. f3 $11) 58... Kb8 59. g4 (59. Bc1 $15) 59... a3 (59... Qb7 $1 $17 {Hoping for ...Qb3.} 60. Bc1 Qb3) 60. g5 (60. Bc1 $1 $11 {was the only way to keep the balance.}) 60... Qb7 $17 {And now ...a2 would win.} 61. Qc4 {intending g6.} Qb2 $2 (61... Qb1 $19 {White must now prevent ...a2.} 62. Qa4 Qd3) 62. Bc1 $2 {[%mdl 8192]} (62. Bc3 $1 $11 {and White has nothing to worry.} Qb1 63. Qa4) 62... Qb4 $19 63. Qe2 Qb3 {...a2 is the strong threat.} 64. Bxa3 Qxa3 $2 ({Better is} 64... Qxd5+ $19 65. Kg1 Bxg5) 65. Qb5+ $11 Kc8 {Strongly threatening ...Qa8.} 66. g6 Qa8 67. Qd3 {Threatens to win with g7.} Qb7 $2 {[%mdl 8192]} (67... Kc7 $11 68. Qf3 Be7) 68. Qf5+ $1 $18 Kb8 69. Qf8 $1 Qxd5+ {[#]} 70. Kh2 $1 Qd4 71. Qxd8+ {[%mdl 4096] Endgame KQ-KQ} Kb7 72. Qf6 Kc6 73. g7 Qg4 {[#]} 74. f3 $1 Qc4 75. Kg3 Qc1 76. Kg4 (76. Qf7 $142 Qg1+ 77. Kh4 Qf2+ 78. Kg5 Qg3+ 79. Kf6 Qh4+ 80. Ke6 Qh6+ 81. Ke7) 76... c4 77. Qf8 {White mates.} Qg1+ 78. Kf5 Qg3 79. g8=Q Qxf3+ {[#]} 80. Ke6 $1 Qd5+ 81. Ke7 Qxg8 82. Qxg8 Kc5 83. Qe6 c3 84. Qxd6+ Kc4 85. Qd1 {Accuracy: White = 52%, Black = 32%.} 1-0

[Event "5th Ordu Open 2019"]
[Site "Ordu"]
[Date "2019.05.02"]
[Round "6.9"]
[White "Maleki, Amirabbas"]
[Black "Atas, Yunus"]
[Result "1/2-1/2"]
[WhiteElo "1896"]
[BlackElo "1853"]
[Annotator "NA"]
[PlyCount "125"]
[EventDate "2019.04.29"]
[EventType "swiss"]
[EventCountry "TUR"]
[SourceTitle "playchess.com"]
[Source "ChessBase"]
[SourceQuality "1"]
[TimeControl "5400+30"]

1. d4 {[%emt 0:37:30]} Nf6 {[%emt 0:31:30]} 2. Nf3 {[%emt 0:00:30]} d5 {[%emt 0:02:30]} 3. e3 {[%emt 0:00:30]} c5 {[%emt 0:01:30]} 4. b3 {[%emt 0:00:30]} Nc6 {[%emt 0:00:30]} 5. Bb2 {[%emt 0:00:30]} Bf5 {[%emt 0:00:30]} 6. a3 {[%emt 0:03:30]} e6 {[%emt 0:00:30]} 7. Bd3 {[%emt 0:00:00]} Bg4 {[%emt 0:01:30]} 8. Nbd2 {[%emt 0:00:00]} cxd4 {[%emt 0:00:30]} 9. exd4 {[%emt 0:00:30]} Bd6 {[%emt 0:00:00]} 10. c4 {[%emt 0:02:30]} O-O {[%emt 0:13:00]} 11. Qc2 {[%emt 0:01:30]} dxc4 {[%emt 0:02:30]} 12. bxc4 {[%emt 0:01:30]} Rc8 {[%emt 0:06:30]} 13. Ne5 {[%emt 0:06:30]} Bh5 {[%emt 0:05:30]} 14. f4 {[%emt 0:04:30]} Bb8 {[%emt 0:07:30]} 15. Nb3 {[%emt 0:04:30]} a5 {[%emt 0:07:20]} 16. Nxc6 {[%emt 0:05:30]} Rxc6 {[%emt 0:00:35]} 17. O-O {[%emt 0:01:30]} Bg6 {[%emt 0:01:49]} 18. Bxg6 {[%emt 0:00:30]} hxg6 {[%emt 0:00:07]} 19. Rad1 {[%emt 0:01:30]} Qc7 {[%emt 0:00:40]} 20. c5 {[%emt 0:05:30]} Nd5 {[%emt 0:00:40]} 21. Bc1 {[%emt 0:00:30]} b6 {[%emt 0:00:54]} 22. a4 {[%emt 0:02:51]} g5 {[%emt 0:01:38]} 23. g3 {[%emt 0:01:16]} bxc5 {[%emt 0:01:04]} 24. dxc5 {[%emt 0:01:48]} Ba7 {[%emt 0:02:34]} 25. Rxd5 {[%emt 0:01:22]} exd5 {[%emt 0:00:11]} 26. Be3 {[%emt 0:00:14]} Re8 {[%emt 0:02:24]} 27. Qd3 {[%emt 0:02:57]} Rce6 {[%emt 0:02:06]} 28. Bd4 {[%emt 0:01:56]} gxf4 {[%emt 0:00:28]} 29. Rxf4 {[%emt 0:00:41]} Qd7 {[%emt 0:00:47]} 30. Qb5 {[%emt 0:04:49]} Re1+ {[%emt 0:00:55]} 31. Kg2 {[%emt 0:00:07]} R1e2+ {[%emt 0:00:07]} 32. Bf2 {[%emt 0:01:08]} Qc7 {[%emt 0:03:50]} 33. Kg1 {[%emt 0:01:45]} R2e6 {[%emt 0:02:30]} 34. Rf5 {[%emt 0:02:35]} Rb8 {[%emt 0:00:53]} 35. Qd3 {[%emt 0:00:01]} Rxb3 {[%emt 0:00:42]} 36. Qxb3 {[%emt 0:00:30]} Bxc5 {[%emt 0:00:00]} 37. Qxd5 {[%emt 0:00:18]} Bxf2+ {[%emt 0:01:22]} 38. Rxf2 {[%emt 0:00:09]} Re1+ {[%emt 0:00:40]} 39. Kg2 {[%emt 0:00:36]} Re8 {[%emt 0:00:26]} 40. Rd2 {[%emt 0:01:31]} Qc3 {[%emt 0:00:55]} 41. Rf2 {[%emt 0:00:30]} Qc7 {[%emt 0:00:00]} 42. Qb3 {[%emt 0:01:36]} Qc6+ {[%emt 0:00:47]} 43. Qf3 {[%emt 0:00:30]} Qxf3+ {[%emt 0:00:04]} 44. Kxf3 {[%emt 0:00:10]} Rb8 {[%emt 0:00:09]} 45. Re2 {[%emt 0:00:49]} Rb3+ {[%emt 0:01:08]} 46. Re3 {[%emt 0:00:46]} Rb2 {[%emt 0:00:30]} 47. h4 {[%emt 0:00:48]} Ra2 {[%emt 0:00:50]} 48. Re4 f6 {[%emt 0:00:15]} 49. Rc4 {[%emt 0:01:12]} Kf7 {[%emt 0:00:21]} 50. h5 {[%emt 0:00:31]} Kg8 {[%emt 0:00:32]} 51. g4 {[%emt 0:00:10]} Kh7 {[%emt 0:00:30]} 52. Kf4 {[%emt 0:00:30]} Kh6 {[%emt 0:00:00]} 53. Rd4 {[%emt 0:01:57]} Ra1 {[%emt 0:01:03]} 54. Rc4 {[%emt 0:00:15]} Ra2 {[%emt 0:00:31]} 55. Rd4 {[%emt 0:00:56]} Rf2+ {[%emt 0:00:11]} 56. Kg3 {[%emt 0:00:18]} Ra2 {[%emt 0:00:01]} 57. Kf4 {[%emt 0:00:17]} Ra1 {[%emt 0:01:05]} 58. Rc4 {[%emt 0:00:24]} Rf1+ {[%emt 0:01:04]} 59. Kg3 {[%emt 0:00:30]} Ra1 {[%emt 0:00:00]} 60. Kf4 {[%emt 0:00:13]} Rb1 {[%emt 0:00:45]} 61. Rd4 {[%emt 0:01:04]} Ra1 {[%emt 0:00:30]} 62. Rc4 {[%emt 0:00:47]} g6 {[%emt 0:00:17]} 63. Ke4 {[%emt 0:00:43]} 1/2-1/2

[Event "5th Ordu Open 2019"]
[Site "Ordu"]
[Date "2019.05.02"]
[Round "6.10"]
[White "Gozubuyukoglu, Selami"]
[Black "Aktas, Ilker"]
[Result "0-1"]
[WhiteElo "1818"]
[BlackElo "1861"]
[Annotator "NA"]
[PlyCount "93"]
[EventDate "2019.04.29"]
[EventType "swiss"]
[EventCountry "TUR"]
[SourceTitle "playchess.com"]
[Source "ChessBase"]
[SourceQuality "1"]
[TimeControl "5400+30"]

1. e4 {[%emt 0:30:30]} c5 {[%emt 0:31:30]} 2. Nf3 {[%emt 0:00:30]} d6 {[%emt 0:00:30]} 3. d4 {[%emt 0:00:30]} cxd4 {[%emt 0:00:00]} 4. Nxd4 {[%emt 0:00:00]} Nf6 {[%emt 0:00:00]} 5. Nc3 {[%emt 0:00:00]} a6 {[%emt 0:00:30]} 6. Be3 {[%emt 0:00:30]} e5 {[%emt 0:00:30]} 7. Nb3 {[%emt 0:00:30]} Be6 {[%emt 0:00:30]} 8. f3 {[%emt 0:00:30]} Be7 {[%emt 0:00:30]} 9. Qd2 {[%emt 0:00:00]} Nbd7 {[%emt 0:00:00]} 10. O-O-O {[%emt 0:00:00]} b5 {[%emt 0:01:00]} 11. g4 {[%emt 0:00:00]} b4 {[%emt 0:03:30]} 12. Nd5 {[%emt 0:05:00]} Bxd5 {[%emt 0:00:30]} 13. exd5 {[%emt 0:00:00]} Nb6 {[%emt 0:00:30]} 14. Qxb4 {[%emt 0:03:00]} Nfxd5 {[%emt 0:03:30]} 15. Bxb6 {[%emt 0:02:30]} Nxb6 {[%emt 0:02:30]} 16. Qe4 {[%emt 0:05:30]} Qc7 {[%emt 0:10:30]} 17. Bd3 {[%emt 0:06:30]} d5 {[%emt 0:01:30]} 18. Qe2 {[%emt 0:01:30]} O-O {[%emt 0:02:30]} 19. c3 {[%emt 0:05:30]} a5 {[%emt 0:00:30]} 20. Nd2 {[%emt 0:02:30]} Na4 {[%emt 0:08:30]} 21. Nb1 {[%emt 0:03:30]} Bg5+ {[%emt 0:04:30]} 22. Kc2 {[%emt 0:00:30]} Rfc8 {[%emt 0:04:30]} 23. Bb5 {[%emt 0:01:30]} Nb6 {[%emt 0:02:30]} 24. a4 {[%emt 0:02:30]} d4 {[%emt 0:01:30]} 25. h4 {[%emt 0:04:30]} Bf4 {[%emt 0:00:30]} 26. h5 {[%emt 0:02:30]} Nd5 {[%emt 0:00:30]} 27. Qe4 {[%emt 0:06:12]} Ne3+ {[%emt 0:00:50]} 28. Kb3 {[%emt 0:00:42]} Rab8 {[%emt 0:01:12]} 29. Ka2 {[%emt 0:03:30]} Nxd1 {[%emt 0:08:09]} 30. Rxd1 {[%emt 0:00:12]} Rxb5 {[%emt 0:02:34]} 31. axb5 {[%emt 0:00:02]} Qc4+ {[%emt 0:02:19]} 32. b3 {[%emt 0:02:14]} Qxb5 {[%emt 0:00:24]} 33. Na3 {[%emt 0:04:15]} Qb6 {[%emt 0:02:05]} 34. cxd4 {[%emt 0:01:29]} a4 {[%emt 0:00:53]} 35. bxa4 {[%emt 0:01:29]} g6 {[%emt 0:01:22]} 36. hxg6 {[%emt 0:01:03]} hxg6 {[%emt 0:00:21]} 37. Rb1 {[%emt 0:00:57]} Qa5 {[%emt 0:00:38]} 38. d5 {[%emt 0:00:51]} Qd2+ {[%emt 0:01:59]} 39. Rb2 {[%emt 0:01:03]} Qd1 {[%emt 0:00:09]} 40. Rb1 {[%emt 0:01:37]} Qd2+ {[%emt 0:00:26]} 41. Rb2 {[%emt 0:00:12]} Qd1 {[%emt 0:00:33]} 42. Rb1 {[%emt 0:00:42]} Bc1 {[%emt 0:00:57]} 43. Nb5 {[%emt 0:02:32]} Qd2+ {[%emt 0:00:48]} 44. Kb3 {[%emt 0:00:42]} Qd1+ {[%emt 0:00:33]} 45. Ka2 {[%emt 0:00:06]} Rc2+ {[%emt 0:00:37]} 46. Ka1 {[%emt 0:00:20]} Qd2 {[%emt 0:00:22]} 47. Nc3 {[%emt 0:01:39]} 0-1

[Event "5th Ordu Open 2019"]
[Site "Ordu"]
[Date "2019.05.02"]
[Round "6.11"]
[White "Elashvili, Giorgi"]
[Black "Ceylan, Metin"]
[Result "0-1"]
[WhiteElo "1833"]
[BlackElo "1786"]
[Annotator "NA"]
[PlyCount "82"]
[EventDate "2019.04.29"]
[EventType "swiss"]
[EventCountry "TUR"]
[SourceTitle "playchess.com"]
[Source "ChessBase"]
[SourceQuality "1"]
[TimeControl "5400+30"]

1. e4 {[%emt 0:30:30]} e6 {[%emt 0:30:30]} 2. d4 {[%emt 0:00:30]} d5 {[%emt 0:00:30]} 3. Nd2 {[%emt 0:00:00]} Nf6 {[%emt 0:00:00]} 4. e5 {[%emt 0:00:00]} Ng8 {[%emt 0:00:00]} 5. Bd3 {[%emt 0:00:30]} c5 {[%emt 0:00:30]} 6. c3 {[%emt 0:00:30]} Nc6 {[%emt 0:00:30]} 7. Ne2 {[%emt 0:00:30]} Qb6 {[%emt 0:00:00]} 8. O-O {[%emt 0:03:30]} cxd4 {[%emt 0:03:00]} 9. cxd4 {[%emt 0:00:30]} Nxd4 {[%emt 0:03:30]} 10. Nxd4 {[%emt 0:00:30]} Qxd4 {[%emt 0:00:30]} 11. Bb5+ {[%emt 0:02:30]} Bd7 {[%emt 0:00:30]} 12. Bxd7+ {[%emt 0:00:30]} Kxd7 {[%emt 0:00:30]} 13. Qe2 {[%emt 0:01:30]} Ne7 {[%emt 0:02:30]} 14. Qb5+ {[%emt 0:07:30]} Kc7 {[%emt 0:00:30]} 15. Nf3 {[%emt 0:06:30]} Qb6 {[%emt 0:06:30]} 16. Qe2 {[%emt 0:02:30]} Nc6 {[%emt 0:04:30]} 17. Ng5 {[%emt 0:07:30]} Bc5 {[%emt 0:15:30]} 18. Nxf7 {[%emt 0:01:30]} Rhf8 {[%emt 0:00:30]} 19. Ng5 {[%emt 0:01:30]} Rae8 {[%emt 0:00:30]} 20. Nf3 {[%emt 0:07:30]} Rf5 {[%emt 0:02:30]} 21. a3 {[%emt 0:03:30]} Ref8 {[%emt 0:00:30]} 22. b4 {[%emt 0:00:30]} Nd4 {[%emt 0:01:30]} 23. Nxd4 {[%emt 0:02:47]} Bxd4 {[%emt 0:00:30]} 24. Be3 {[%emt 0:01:24]} Rxe5 {[%emt 0:08:55]} 25. Qc2+ {[%emt 0:09:21]} Kd6 {[%emt 0:03:17]} 26. Bxd4 {[%emt 0:00:58]} Qxd4 {[%emt 0:00:30]} 27. Rac1 {[%emt 0:00:00]} Qb6 {[%emt 0:00:49]} 28. a4 {[%emt 0:04:31]} Ref5 {[%emt 0:02:02]} 29. a5 {[%emt 0:00:31]} Qc6 {[%emt 0:00:55]} 30. Qb2 {[%emt 0:00:30]} Qd7 {[%emt 0:00:19]} 31. b5 {[%emt 0:01:15]} e5 {[%emt 0:03:58]} 32. b6 {[%emt 0:00:10]} a6 {[%emt 0:03:24]} 33. Rc7 {[%emt 0:00:44]} Qa4 {[%emt 0:00:33]} 34. Qc3 {[%emt 0:01:20]} R5f7 {[%emt 0:02:51]} 35. Re1 {[%emt 0:02:42]} Qd4 {[%emt 0:01:48]} 36. Qa3+ {[%emt 0:00:50]} Ke6 {[%emt 0:00:30]} 37. Qh3+ {[%emt 0:00:00]} Rf5 {[%emt 0:00:40]} 38. Rf1 {[%emt 0:00:46]} e4 {[%emt 0:01:36]} 39. Qxh7 {[%emt 0:01:41]} Rxf2 {[%emt 0:00:30]} 40. Qh3+ {[%emt 0:00:30]} R2f5+ {[%emt 0:00:30]} 41. Kh1 {[%emt 0:00:30]} Ke5 {[%emt 0:00:30]} 0-1

[Event "5th Ordu Open 2019"]
[Site "Ordu"]
[Date "2019.05.02"]
[Round "6.12"]
[White "Aydin, Aytac"]
[Black "Dikilitas, Beren"]
[Result "1/2-1/2"]
[WhiteElo "1473"]
[BlackElo "1364"]
[Annotator "NA"]
[PlyCount "100"]
[EventDate "2019.04.29"]
[EventType "swiss"]
[EventCountry "TUR"]
[SourceTitle "playchess.com"]
[Source "ChessBase"]
[SourceQuality "1"]
[TimeControl "5400+30"]

1. d4 {[%emt 0:30:30]} Nf6 {[%emt 0:30:30]} 2. Nf3 {[%emt 0:00:30]} g6 {[%emt 0:00:30]} 3. Nbd2 {[%emt 0:00:00]} Bg7 {[%emt 0:00:30]} 4. e4 {[%emt 0:00:00]} d6 {[%emt 0:00:30]} 5. Bd3 {[%emt 0:00:30]} O-O {[%emt 0:00:30]} 6. O-O {[%emt 0:01:30]} c5 {[%emt 0:02:30]} 7. c3 {[%emt 0:03:30]} Nbd7 {[%emt 0:03:30]} 8. Re1 {[%emt 0:03:30]} cxd4 {[%emt 0:00:30]} 9. cxd4 {[%emt 0:00:00]} e5 {[%emt 0:03:30]} 10. d5 {[%emt 0:01:00]} Nc5 {[%emt 0:05:30]} 11. Bf1 {[%emt 0:00:30]} a5 {[%emt 0:06:30]} 12. b3 {[%emt 0:02:30]} Nxd5 {[%emt 0:02:30]} 13. Nc4 {[%emt 0:07:30]} Nc3 {[%emt 0:00:30]} 14. Qc2 {[%emt 0:00:00]} N3xe4 {[%emt 0:01:30]} 15. Rd1 {[%emt 0:13:00]} Bf5 {[%emt 0:02:30]} 16. Nxd6 {[%emt 0:02:30]} Nxd6 {[%emt 0:00:30]} 17. Qxc5 {[%emt 0:00:00]} Ne4 {[%emt 0:00:30]} 18. Rxd8 {[%emt 0:02:00]} Nxc5 {[%emt 0:00:30]} 19. Rd5 {[%emt 0:11:24]} e4 {[%emt 0:05:30]} 20. Ne5 {[%emt 0:00:34]} Nd3 {[%emt 0:15:25]} 21. Bxd3 {[%emt 0:00:30]} exd3 {[%emt 0:00:00]} 22. Bd2 {[%emt 0:11:51]} a4 {[%emt 0:07:15]} 23. b4 {[%emt 0:01:47]} Rfd8 {[%emt 0:03:56]} 24. Rc5 {[%emt 0:02:50]} Rac8 {[%emt 0:00:38]} 25. Re1 {[%emt 0:03:33]} b6 {[%emt 0:01:05]} 26. Rxc8 {[%emt 0:00:36]} Rxc8 {[%emt 0:00:04]} 27. Nf3 {[%emt 0:00:47]} Bc3 {[%emt 0:02:01]} 28. Rc1 {[%emt 0:00:34]} Bxd2 {[%emt 0:00:08]} 29. Rxc8+ {[%emt 0:00:30]} Bxc8 {[%emt 0:00:30]} 30. Nxd2 {[%emt 0:00:00]} a3 {[%emt 0:00:00]} 31. Nb1 {[%emt 0:00:47]} Be6 {[%emt 0:00:23]} 32. Kf1 {[%emt 0:00:30]} Bxa2 {[%emt 0:00:00]} 33. Nxa3 {[%emt 0:00:00]} Bd5 {[%emt 0:02:01]} 34. f3 {[%emt 0:00:43]} g5 {[%emt 0:00:58]} 35. h3 {[%emt 0:00:50]} h5 {[%emt 0:00:30]} 36. Ke1 {[%emt 0:00:00]} g4 {[%emt 0:00:00]} 37. hxg4 {[%emt 0:00:24]} hxg4 {[%emt 0:00:18]} 38. fxg4 {[%emt 0:00:30]} Bxg2 {[%emt 0:00:30]} 39. Kd2 {[%emt 0:00:30]} Be4 {[%emt 0:00:42]} 40. Nc4 {[%emt 0:00:00]} f6 {[%emt 0:01:42]} 41. Nxb6 {[%emt 0:00:00]} Bf3 {[%emt 0:00:09]} 42. Kxd3 {[%emt 0:00:29]} Bxg4 {[%emt 0:00:30]} 43. Nd5 {[%emt 0:00:00]} Kf7 {[%emt 0:00:00]} 44. b5 {[%emt 0:01:00]} Bc8 {[%emt 0:00:27]} 45. Nxf6 {[%emt 0:00:00]} Kxf6 {[%emt 0:00:00]} 46. b6 {[%emt 0:00:25]} Bb7 {[%emt 0:00:17]} 47. Kc3 {[%emt 0:00:30]} Ke6 {[%emt 0:00:00]} 48. Kb2 {[%emt 0:00:00]} Kd6 {[%emt 0:00:00]} 49. Kc3 {[%emt 0:00:06]} Kc6 {[%emt 0:00:07]} 50. Kd4 {[%emt 0:00:00]} Kxb6 {[%emt 0:00:01]} 1/2-1/2

[Event "5th Ordu Open 2019"]
[Site "Ordu"]
[Date "2019.05.02"]
[Round "6.13"]
[White "Caymaz, Umit Oguz"]
[Black "Onmus, Arif"]
[Result "1-0"]
[WhiteElo "1442"]
[BlackElo "1527"]
[Annotator "NA"]
[PlyCount "41"]
[EventDate "2019.04.29"]
[EventType "swiss"]
[EventCountry "TUR"]
[SourceTitle "playchess.com"]
[Source "ChessBase"]
[SourceQuality "1"]
[TimeControl "5400+30"]

1. Nf3 {[%emt 0:30:30]} Nf6 {[%emt 0:30:30]} 2. c4 {[%emt 0:00:30]} c5 {[%emt 0:00:30]} 3. Nc3 {[%emt 0:00:30]} Nc6 {[%emt 0:00:30]} 4. Nd5 {[%emt 0:03:30]} e6 {[%emt 0:01:30]} 5. Nxf6+ {[%emt 0:02:30]} Qxf6 {[%emt 0:00:30]} 6. e3 {[%emt 0:02:30]} Be7 {[%emt 0:00:30]} 7. a3 {[%emt 0:01:30]} O-O {[%emt 0:00:30]} 8. h4 {[%emt 0:02:30]} d5 {[%emt 0:00:30]} 9. Qc2 {[%emt 0:01:30]} d4 {[%emt 0:03:30]} 10. Ng5 {[%emt 0:06:30]} Qh6 {[%emt 0:00:30]} 11. f4 {[%emt 0:02:30]} e5 {[%emt 0:02:30]} 12. g3 {[%emt 0:05:30]} f5 {[%emt 0:01:30]} 13. d3 {[%emt 0:02:30]} Re8 {[%emt 0:01:30]} 14. Bg2 {[%emt 0:01:30]} dxe3 {[%emt 0:00:30]} 15. Bd5+ {[%emt 0:00:30]} Kf8 {[%emt 0:01:30]} 16. Bxe3 {[%emt 0:01:30]} Bxg5 {[%emt 0:01:30]} 17. hxg5 {[%emt 0:00:30]} Qd6 {[%emt 0:00:30]} 18. O-O-O {[%emt 0:00:30]} g6 {[%emt 0:03:30]} 19. Rxh7 {[%emt 0:03:30]} Be6 {[%emt 0:00:30]} 20. Qh2 {[%emt 0:01:30]} Bxd5 {[%emt 0:00:30]} 21. Qh6+ {[%emt 0:00:00]} 1-0